Mistrzostwa świata w piłce nożnej 2010 - Statystyki

Ogólne statystyki
  • Ten quiz został rozwiązany 167 razy
  • Średni wynik to 27 z 32
Statystyki odpowiedzi
Grupa Odpowiedz % Poprawnych
Grupa H Hiszpania
98%
Grupa D Niemcy
97%
Grupa B Argentyna
95%
Grupa C Anglia
94%
Grupa G Brazylia
93%
Grupa A Francja
93%
Grupa A Meksyk
93%
Grupa G Portugalia
93%
Grupa F Włochy
93%
Grupa A Republika Południowej Afryki
92%
Grupa C USA
91%
Grupa A Urugwaj
90%
Grupa E Japonia
89%
Grupa E Holandia
87%
Grupa D Australia
86%
Grupa B Korea Południowa
86%
Grupa H Chile
84%
Grupa D Ghana
83%
Grupa H Szwajcaria
83%
Grupa B Nigeria
80%
Grupa F Słowacja
80%
Grupa D Serbia
78%
Grupa G Wybrzeże Kości Słoniowej
78%
Grupa E Kamerun
77%
Grupa G Korea Północna
77%
Grupa B Grecja
75%
Grupa H Honduras
75%
Grupa F Nowa Zelandia
75%
Grupa F Paragwaj
75%
Grupa E Dania
74%
Grupa C Słowenia
73%
Grupa C Algieria
69%
Nie znaleziono quizów pasujących do podanych kryteriów
Rozkład punktacji
Procent ludzi z każdym wynikiem
Percentyl według liczby udzielonych odpowiedzi
Twoja historia wyników
Nie rozwiązałeś tego quizu